[Event "London Chess League op"]
[Site "London"]
[Date "2025.03.16"]
[Round "5"]
[White "Wang, Luoke"]
[Black "Ganguly, Aryaman"]
[Result "1-0"]
[WhiteElo "1974"]
[BlackElo "1868"]
[PlyCount "105"]
[EventDate "2025.03.14"]
[EventType "swiss"]
[EventRounds "5"]
[EventCountry "ENG"]
[SourceTitle "CB13_2025"]
[SourceDate "2025.03.26"]
[SourceVersion "1"]
[SourceVersionDate "2025.03.26"]
[SourceQuality "1"]

1. d4 d5 2. c4 e6 3. Nf3 Nf6 4. g3 c6 5. Bg2 Nbd7 6. 0-0 Be7 7. Qc2 0-0 8. Nbd2 b6 9. e4 dxe4 10. Nxe4 Nxe4 11. Qxe4 Bb7 12. Rd1 Qc7 13. Bf4 Qc8 14. Ne5 Nxe5 15. Bxe5 Rd8 16. Rac1 Bd6 17. Bxd6 Rxd6 18. c5 Rd8 19. Qc2 Qc7 20. Be4 h6 21. a4 Rac8 22. b4 Ba8 23. cxb6 Qxb6 24. Qc5 Bb7 25. a5 Qxc5 26. Rxc5 a6 27. f4 Kf8 28. Kf2 Rd6 29. Ke3 Ke7 30. Rdc1 g6 31. g4 Kd7 32. h4 Rg8 33. Bd3 f5 34. Rg1 Rf8 35. gxf5 exf5 36. Re5 h5 37. Rc1 Rd8 38. Bc4 Kc7 39. Rd1 R8d7 40. Be6 Rd8 41. Bb3 R8d7 42. Re8 Bc8 43. d5 Bb7 44. Rc1 Rf6 45. Kd4 Rfd6 46. Ke5 Rd8 47. Re6 Rxe6+ 48. dxe6 Rd3 49. Bc4 Re3+ 50. Kf6 Bc8 51. Rd1 Re4 52. e7 Bd7 53. Bf7 1-0

[Event "London Chess League op"]
[Site "London"]
[Date "2025.03.15"]
[Round "2"]
[White "Lentzos, Ioanis"]
[Black "Wang, Luoke"]
[Result "1-0"]
[WhiteElo "2111"]
[BlackElo "1974"]
[PlyCount "109"]
[EventDate "2025.03.14"]
[EventType "swiss"]
[EventRounds "5"]
[EventCountry "ENG"]
[SourceTitle "CB13_2025"]
[SourceDate "2025.03.26"]
[SourceVersion "1"]
[SourceVersionDate "2025.03.26"]
[SourceQuality "1"]

1. c4 e5 2. Nc3 Nf6 3. Nf3 Nc6 4. e3 g6 5. d4 exd4 6. exd4 d6 7. Be2 Bg7 8. 0-0 0-0 9. h3 d5 10. c5 Ne4 11. Re1 Bf5 12. Be3 Nxc3 13. bxc3 Re8 14. Qb3 Rb8 15. Bf4 Qd7 16. Bb5 a6 17. Bf1 Re4 18. Bh2 Na5 19. Qb4 Nc6 20. Qb3 Na5 21. Qb4 Nc6 22. Qa4 Rbe8 23. Red1 R4e7 24. Qb3 Rb8 25. Re1 Be4 26. Nd2 b5 27. cxb6 Rxb6 28. Qa4 Bh6 29. Nxe4 dxe4 30. Rad1 e3 31. fxe3 Rxe3 32. Rxe3 Bxe3+ 33. Kh1 Rb2 34. d5 Nb8 35. Qxd7 Nxd7 36. Bxa6 Rxa2 37. Bb5 Nf6 38. Bxc7 Ne4 39. Re1 Nxc3 40. Bc4 Ra4 41. Bb3 Rb4 42. Rxe3 Rxb3 43. Rd3 Rb1+ 44. Kh2 Nxd5 45. Rxd5 Kg7 46. Be5+ Kh6 47. Bf6 Rf1 48. Rd6 Rf2 49. Kg1 Rf5 50. g4 Ra5 51. Rd7 Ra3 52. Kg2 Ra2+ 53. Kg3 Ra3+ 54. Kh4 Ra4 55. Rxf7 1-0

[Event "BCF-ch PM U2050 op"]
[Site "Hull"]
[Date "2024.08.02"]
[Round "5"]
[White "Sullivan, Daniel"]
[Black "Wang, Luoke"]
[Result "0-1"]
[WhiteElo "1965"]
[BlackElo "1867"]
[PlyCount "106"]
[EventDate "2024.07.29"]
[EventType "swiss"]
[EventRounds "6"]
[EventCountry "ENG"]
[SourceTitle "CBM 221 Extra"]
[Source "ChessBase"]
[SourceDate "2024.09.30"]
[SourceVersion "1"]
[SourceVersionDate "2024.09.30"]
[SourceQuality "1"]

1. d4 Nf6 2. c4 e6 3. Nc3 Bb4 4. Qc2 d5 5. cxd5 exd5 6. Bg5 h6 7. Bxf6 Qxf6 8. e3 0-0 9. Nf3 c6 10. Bd3 Be6 11. 0-0 Nd7 12. a3 Bxc3 13. Qxc3 c5 14. Bb5 Rfc8 15. Rac1 b6 16. b3 a6 17. Bxd7 Bxd7 18. b4 cxb4 19. Qxb4 Bb5 20. Rfe1 Bc4 21. Ne5 a5 22. Qd2 Qd6 23. Qb2 b5 24. e4 dxe4 25. Nxc4 bxc4 26. Rxe4 Rab8 27. Qc3 a4 28. Re3 Rb3 29. Qa1 Qb8 30. Rec3 Rxc3 31. Rxc3 Qb5 32. h3 Rd8 33. Qd1 Qc6 34. g3 Rd5 35. Kh2 Rf5 36. Qe2 Qd5 37. Qe8+ Kh7 38. Qe3 Rf6 39. Qd2 g6 40. Kg1 Rc6 41. Qe3 Re6 42. Qd2 Re4 43. Rf3 Rxd4 44. Rxf7+ Kg8 45. Rf8+ Kxf8 46. Qxh6+ Kf7 47. Qh7+ Kf6 48. Qh8+ Ke7 49. Qg7+ Kd6 50. Qf8+ Ke5 51. Qg7+ Ke4 52. Qxg6+ Kf3 53. Qf6+ Ke2 0-1

[Event "BCF-ch AM op"]
[Site "Hull"]
[Date "2024.08.02"]
[Round "5"]
[White "Wang, Luoke"]
[Black "Mize, Dylan"]
[Result "0-1"]
[WhiteElo "1867"]
[BlackElo "1824"]
[PlyCount "152"]
[EventDate "2024.07.29"]
[EventType "swiss"]
[EventRounds "6"]
[EventCountry "ENG"]
[SourceTitle "CBM 221 Extra"]
[Source "ChessBase"]
[SourceDate "2024.09.30"]
[SourceVersion "1"]
[SourceVersionDate "2024.09.30"]
[SourceQuality "1"]

1. d4 Nf6 2. c4 e6 3. Nc3 Bb4 4. Nf3 0-0 5. Bg5 h6 6. Bxf6 Qxf6 7. e4 c5 8. Rc1 d6 9. a3 Ba5 10. e5 dxe5 11. dxc5 Rd8 12. Qc2 Nc6 13. b4 Bc7 14. Be2 Nd4 15. Qe4 Nxf3+ 16. Qxf3 Qg5 17. 0-0 f5 18. Rcd1 e4 19. Rxd8+ Bxd8 20. Qg3 Qxg3 21. hxg3 a5 22. b5 Bf6 23. Na4 Bd4 24. Bd1 Kf8 25. Bc2 Ke7 26. Rd1 e5 27. Nb6 Rb8 28. Nd5+ Kf7 29. a4 Bxc5 30. Kf1 b6 31. Ke2 Rb7 32. g4 g6 33. Rh1 Kg7 34. Rd1 Be6 35. Bb1 Rd7 36. Bc2 Kf7 37. gxf5 gxf5 38. Bb3 Bd4 39. Rh1 Kg7 40. Rc1 Bc5 41. Rd1 Bf7 42. Rh1 Rd6 43. Rh2 h5 44. Rh3 Rg6 45. g3 Rd6 46. Rh1 Kh6 47. Rc1 Kg5 48. Rg1 Rd8 49. Ba2 Kh6 50. Rh1 Rc8 51. Rc1 Ba3 52. Rd1 Bc5 53. Rc1 Be6 54. Rc2 Kg5 55. Rc1 Bd4 56. Ne7 Rc7 57. Nc6 Kf6 58. Rh1 Bf7 59. Bb3 Kg5 60. Rd1 Bc3 61. Rc1 Bd4 62. Rd1 Bc3 63. Rc1 Bb2 64. Rb1 Ba3 65. Nxe5 Be6 66. Nc6 Rd7 67. Rd1 Rxd1 68. Kxd1 Bc5 69. Ke2 f4 70. Ne5 Kf5 71. Nc6 fxg3 72. fxg3 Kg4 73. Ne5+ Kxg3 74. Bc2 Bf5 75. Kf1 h4 76. Bd1 h3 0-1

[Event "BCF-ch PM U2050 op"]
[Site "Hull"]
[Date "2024.07.31"]
[Round "3"]
[White "Wang, Luoke"]
[Black "Dissanayake, Sathsara"]
[Result "1-0"]
[WhiteElo "1867"]
[BlackElo "1674"]
[PlyCount "60"]
[EventDate "2024.07.29"]
[EventType "swiss"]
[EventRounds "6"]
[EventCountry "ENG"]
[SourceTitle "CBM 221 Extra"]
[Source "ChessBase"]
[SourceDate "2024.09.30"]
[SourceVersion "1"]
[SourceVersionDate "2024.09.30"]
[SourceQuality "1"]

1. d4 Nf6 2. c4 g6 3. Nc3 d5 4. cxd5 Nxd5 5. e4 Nxc3 6. bxc3 Bg7 7. Nf3 c5 8. Rb1 0-0 9. Be2 Nc6 10. d5 Ne5 11. Nxe5 Bxe5 12. Qc2 e6 13. c4 exd5 14. cxd5 b6 15. 0-0 Re8 16. Be3 Qd6 17. f4 Bg7 18. Bf3 Bb7 19. e5 Qf8 20. Rbd1 Red8 21. Rfe1 Rd7 22. Bf2 Rad8 23. Qc4 a6 24. a4 b5 25. axb5 axb5 26. Qxb5 Kh8 27. Bxc5 Qg8 28. Bb6 Rxd5 29. Bxd5 Rxd5 30. Rxd5 Bxd5 1-0

[Event "BCF-ch PM U2050 op"]
[Site "Hull"]
[Date "2024.07.30"]
[Round "2"]
[White "Agarwal, Amaya"]
[Black "Wang, Luoke"]
[Result "0-1"]
[WhiteElo "1700"]
[BlackElo "1867"]
[PlyCount "170"]
[EventDate "2024.07.29"]
[EventType "swiss"]
[EventRounds "6"]
[EventCountry "ENG"]
[SourceTitle "CBM 221 Extra"]
[Source "ChessBase"]
[SourceDate "2024.09.30"]
[SourceVersion "1"]
[SourceVersionDate "2024.09.30"]
[SourceQuality "1"]

1. e4 c5 2. c3 Nf6 3. e5 Nd5 4. d4 cxd4 5. Nf3 Nc6 6. cxd4 d6 7. Bc4 Nb6 8. Bb5 dxe5 9. Nxe5 Bd7 10. Nxd7 Qxd7 11. 0-0 e6 12. Nc3 a6 13. Bxc6 Qxc6 14. Re1 Be7 15. Qg4 Bf6 16. Be3 Nd5 17. Ne4 0-0 18. Red1 Kh8 19. Bg5 Bxg5 20. Nxg5 h6 21. Nf3 Rad8 22. Ne5 Qb6 23. Nc4 Qb4 24. b3 Nc3 25. Rd3 Rd5 26. Qf3 Nb5 27. a3 Qe7 28. Qe3 Rfd8 29. a4 Nxd4 30. Rad1 Qc5 31. a5 Nxb3 32. Rxd5 Rxd5 33. Rxd5 exd5 34. Qxc5 Nxc5 35. Nd6 Kg8 36. Kf1 Kf8 37. Ke2 Ke7 38. Nf5+ Kf6 39. Nd4 Ke5 40. Ke3 g6 41. f4+ Kd6 42. g4 Ne6 43. Nf3 f6 44. Nh4 Nf8 45. Kd4 Kc6 46. f5 gxf5 47. gxf5 Nd7 48. Ng6 Kd6 49. Nf4 b6 50. Nxd5 bxa5 51. Nc3 Ne5 52. Ne4+ Ke7 53. Kc3 Ng4 54. h3 Ne3 55. Ng3 Kd6 56. Ne4+ Ke5 57. Nc5 Kxf5 58. Nxa6 Kg5 59. Kd3 Ng2 60. Ke4 f5+ 61. Kf3 Nh4+ 62. Kg3 f4+ 63. Kf2 Kf5 64. Nc5 Ke5 65. Ke2 Kd4 66. Nb3+ Ke4 67. Nxa5 f3+ 68. Kf2 Kf4 69. Nc4 Nf5 70. Nd2 Nd4 71. Nc4 h5 72. Nd2 h4 73. Nc4 Ne6 74. Ne3 Ng5 75. Nd5+ Ke5 76. Ne7 Kf6 77. Nd5+ Ke6 78. Ne3 Ke5 79. Nc4+ Kf4 80. Nd2 Nxh3+ 81. Kf1 Ng5 82. Kg1 Ne4 83. Nf1 Ng3 84. Nd2 Ke3 85. Nc4+ Ke2 0-1

[Event "BCF-ch AM op"]
[Site "Hull"]
[Date "2024.07.30"]
[Round "2"]
[White "Siddhartha, Shankar Srivastava"]
[Black "Wang, Luoke"]
[Result "0-1"]
[WhiteElo "1595"]
[BlackElo "1867"]
[PlyCount "110"]
[EventDate "2024.07.29"]
[EventType "swiss"]
[EventRounds "6"]
[EventCountry "ENG"]
[SourceTitle "CBM 221 Extra"]
[Source "ChessBase"]
[SourceDate "2024.09.30"]
[SourceVersion "1"]
[SourceVersionDate "2024.09.30"]
[SourceQuality "1"]

1. e4 e6 2. d4 d5 3. e5 c5 4. c3 Nc6 5. Nf3 Bd7 6. Be2 Nge7 7. Na3 cxd4 8. cxd4 Nf5 9. Nc2 Be7 10. a3 a5 11. Kf1 Rb8 12. g4 Nh4 13. Nce1 b5 14. Nxh4 Bxh4 15. g5 Bxg5 16. Bxg5 Qxg5 17. Rg1 Qh6 18. Nf3 0-0 19. Kg2 f6 20. Kh1 fxe5 21. dxe5 Rf5 22. Bd3 Rh5 23. Rg2 Be8 24. Qe2 Qf4 25. Re1 Bg6 26. Bxg6 hxg6 27. Qe3 Qxe3 28. Rxe3 Kf7 29. Ng5+ Ke7 30. f4 Rf8 31. Rc3 Rxf4 32. Nxe6 Rf1+ 33. Rg1 Rxg1+ 34. Kxg1 Kxe6 35. Rxc6+ Kxe5 36. Rxg6 d4 37. Rb6 Ke4 38. Re6+ Kf3 39. Rd6 Ke3 40. Re6+ Kd2 41. Rg6 d3 42. Rg2+ Kc1 43. Rxg7 d2 44. Rc7+ Kxb2 45. Rd7 Kc1 46. Rc7+ Kd1 47. Rd7 Rc5 48. Kf2 Re5 49. Rd4 Re2+ 50. Kf3 Rxh2 51. Rd5 Rh3+ 52. Kf2 Rxa3 53. Rxb5 a4 54. Rd5 Rc3 55. Rb5 Kc2 0-1

[Event "BCF-ch PM U2050 op"]
[Site "Hull"]
[Date "2024.07.29"]
[Round "1"]
[White "Wang, Luoke"]
[Black "McKenna, Joshua"]
[Result "0-1"]
[WhiteElo "1867"]
[BlackElo "1706"]
[PlyCount "84"]
[EventDate "2024.07.29"]
[EventType "swiss"]
[EventRounds "6"]
[EventCountry "ENG"]
[SourceTitle "CBM 221 Extra"]
[Source "ChessBase"]
[SourceDate "2024.09.30"]
[SourceVersion "1"]
[SourceVersionDate "2024.09.30"]
[SourceQuality "1"]

1. d4 Nf6 2. c4 e6 3. Nc3 Bb4 4. Nf3 0-0 5. e3 c5 6. Bd2 d5 7. a3 Bxc3 8. Bxc3 Ne4 9. Rc1 Nd7 10. dxc5 dxc4 11. Qd4 Nxc3 12. Rxc3 b5 13. b3 Qa5 14. b4 Qc7 15. Be2 a5 16. 0-0 axb4 17. axb4 Nb8 18. Rcc1 Nc6 19. Qc3 Bb7 20. Nd4 Nxd4 21. exd4 Rfd8 22. Ra1 Bd5 23. Rxa8 Rxa8 24. Ra1 Qb7 25. f3 Rxa1+ 26. Qxa1 g6 27. Kf2 Kf8 28. Ke3 Ke7 29. Kd2 h5 30. Qa3 Qa8 31. Qb2 Qb8 32. g3 h4 33. f4 hxg3 34. hxg3 g5 35. Ke3 gxf4+ 36. gxf4 Qg8 37. Qc3 Qg3+ 38. Kd2 Qxf4+ 39. Kc2 Qe4+ 40. Kd2 Qf4+ 41. Qe3 c3+ 42. Kd3 Bc4+ 0-1

[Event "ECF Schools-ch"]
[Site "Nottingham"]
[Date "2024.06.28"]
[Round "4.4"]
[White "Cordova Lopez, Diego Anton"]
[Black "Wang, Luoke"]
[Result "1-0"]
[WhiteElo "2018"]
[BlackElo "1953"]
[PlyCount "57"]
[EventDate "2024.06.27"]
[EventType "team-swiss"]
[EventRounds "5"]
[EventCountry "ENG"]
[SourceTitle "EXT 2025"]
[Source "ChessBase"]
[SourceDate "2024.10.14"]
[SourceVersion "1"]
[SourceVersionDate "2024.10.14"]
[SourceQuality "1"]
[WhiteTeam "King's College School"]
[BlackTeam "Hampton School"]
[WhiteTeamCountry "ENG"]
[BlackTeamCountry "ENG"]

1. e4 c5 2. Nf3 Nc6 3. d4 cxd4 4. Nxd4 g6 5. c4 Bg7 6. Be3 d6 7. Nc3 Nf6 8. Be2 0-0 9. 0-0 Bd7 10. h3 Nxd4 11. Bxd4 Bc6 12. Qc2 Nd7 13. Bxg7 Kxg7 14. Rad1 Qa5 15. a3 Nf6 16. Rfe1 Qe5 17. Nd5 Nxd5 18. exd5 Be8 19. Bg4 Qf6 20. b3 h5 21. Bf3 Bd7 22. Re3 Rfe8 23. Be4 h4 24. Qd2 Qg5 25. Qb4 b6 26. Rde1 f5 27. Bd3 f4 28. Qc3+ Qf6 29. Rxe7+ 1-0

[Event "ECF Schools-ch"]
[Site "Nottingham"]
[Date "2024.06.27"]
[Round "3.4"]
[White "Wang, Luoke"]
[Black "Gupta, Leonardo"]
[Result "1-0"]
[WhiteElo "1953"]
[BlackElo "1617"]
[PlyCount "91"]
[EventDate "2024.06.27"]
[EventType "team-swiss"]
[EventRounds "5"]
[EventCountry "ENG"]
[SourceTitle "EXT 2025"]
[Source "ChessBase"]
[SourceDate "2024.10.14"]
[SourceVersion "1"]
[SourceVersionDate "2024.10.14"]
[SourceQuality "1"]
[WhiteTeam "Hampton School"]
[BlackTeam "City of London School"]
[WhiteTeamCountry "ENG"]
[BlackTeamCountry "ENG"]

1. d4 d5 2. c4 e6 3. Nc3 c5 4. cxd5 exd5 5. Nf3 Nf6 6. g3 Nc6 7. Bg2 cxd4 8. Nxd4 Bc5 9. Nxc6 bxc6 10. 0-0 0-0 11. Qc2 Bd6 12. Na4 Bd7 13. Be3 Qe7 14. Rac1 Ne4 15. Bxe4 dxe4 16. Bc5 Bxc5 17. Qxc5 Qxc5 18. Nxc5 Bh3 19. Rfd1 Rfe8 20. Rd6 Rac8 21. Rcd1 h6 22. b4 Re5 23. R1d4 a5 24. a3 axb4 25. axb4 Ra8 26. Rd8+ Re8 27. Rxe8+ Rxe8 28. Nxe4 Ra8 29. f3 Ra2 30. Kf2 Be6 31. Nc5 Bf5 32. g4 Bg6 33. Nd7 f6 34. f4 Rb2 35. Nc5 Bf7 36. Kf3 h5 37. g5 h4 38. Rd8+ Kh7 39. Nd7 Bh5+ 40. Kg2 Rxe2+ 41. Kh3 Kg6 42. gxf6 gxf6 43. Rf8 f5 44. Ne5+ Kg7 45. Rxf5 Bg6 46. Rg5 1-0